O livro da música (Registo nº 41)

Detalhes MARC
000 -Etiqueta do registo
Cabeçalho 00942cam a2200361 4500
005 - Identificador da versão
Campo de controlo 20240813121753.0
095 ## -
-- PTBN00982488
010 ## - Número internacional normalizado dos livros (ISBN)
Número (ISBN) 9725761251
021 ## - Número do Depósito Legal
Código do país PT
Número 112574/97
035 ## - Other System Control Numbers
System Control Number 0000044
System Control Number 0000044
System Control Number 0000044
System Control Number 0000044
100 ## - Dados gerais de processamento
Dados gerais de processamento 19980423d1997 m y0pory5003 ba
102 ## - Pais de publicação ou produção
País de publicação Portugal
101 1# - Língua de publicação
Língua do texto, banda sonora, etc. Português
Língua do documento no original Inglês
106 ## - Campo de dados codificados: material textual
Dados codificados do material textual r
105 ## - Campo de dados codificados: livros
Dados codificados dos livros a g 001yy
215 ## - Descrição física 
Indicação específica da natureza do documento e extensão da espécie 192 p. a 3 colns.
Outras indicações físicas il.
Dimensões 30 cm
200 1# - Titulo e menção de responsabilidade
Título próprio O livro da música
Primeira menção de responsabilidade ed. Gill Rowley
Outras menções de responsabilidade trad. Pedro Bento
205 ## - Menção da edição
Menção da edição 1ª ed
210 ## - Publicação, Distribuição, etc. 
Lugar da edição, distribuição, etc. Lisboa
Nome do editor, distribuidor, etc. Dinalivro
Data da publicação, distribuição, etc. 1997
320 ## - Nota relativa a bibliografia e índices internos 
Texto da nota Bibliografia, p. 184
304 ## - Notas relativas a título e menção de responsabilidade 
Texto da nota Tít. orig.: The book of music
606 ## - Nome comum usado como assunto
Número de registo de entrada de autoridade 0000122
Palavra de ordem Música
Subdivisão de assunto <[>Guias]
675 ## - Classificação Decimal Universal (CDU)
Notação 78(036)
Edição BN
Língua da edição por
702 ## - Nome de autor-pessoa física (responsabilidade secundária)
Número de registo de entrada de autoridade 0000124
Palavra de ordem Bento
Outra parte do nome não tomada para palavra de ordem Pedro
Código de função Tradutor
Número de registo de entrada de autoridade 0000125
Palavra de ordem Rowley
Outra parte do nome não tomada para palavra de ordem Gill
Código de função Editor literário / Coordenador
966 ## - Identificação da Biblioteca
Sigla NUMETECA
942 ## - Elementos de entrada adicionados (Koha)
Tipo de item no Koha Livro
Exemplares
Situação do levantamento Origin of item (home branch) (coded) Biblioteca de empréstimo Código de barras Cota Circulation type (not for loan) Tipo de documento Nota do exemplar Damaged status
  Biblioteca Escolar Eng. Nuno Mergulhão Biblioteca Escolar Eng. Nuno Mergulhão BENM596 78MUS ROW   Livro Sem mensagem